Steel : a new and traditional materials for building / (Record no. 1306)
[ view plain ]
| 000 -LEADER | |
|---|---|
| fixed length control field | 00332 a2200109 4500 |
| 020 ## - INTERNATIONAL STANDARD BOOK NUMBER | |
| International Standard Book Number | 0415408172 |
| 082 ## - DEWEY DECIMAL CLASSIFICATION NUMBER | |
| Classification number | 624.1821 DUB |
| 100 ## - MAIN ENTRY--PERSONAL NAME | |
| Personal name | Dubina,D |
| 245 ## - TITLE STATEMENT | |
| Title | Steel : a new and traditional materials for building / |
| Statement of responsibility, etc. | edited by D.Dubina |
| 260 ## - PUBLICATION, DISTRIBUTION, ETC. | |
| Place of publication, distribution, etc. | London : |
| Date of publication, distribution, etc. | Taylot & Francis, |
| Name of publisher, distributor, etc. | 2006 |
| 300 ## - PHYSICAL DESCRIPTION | |
| Extent | 648p. : |
| Other physical details | ill . ; |
| Dimensions | 25cm |
| 650 ## - SUBJECT ADDED ENTRY--TOPICAL TERM | |
| Topical term or geographic name entry element | steel structure |
| Chronological subdivision | proceedings |
| Withdrawn status | Lost status | Damaged status | Not for loan | Permanent Location | Current Location | Shelving location | Date acquired | Total Checkouts | Full call number | Barcode | Date last seen | Price effective from | Koha item type |
|---|---|---|---|---|---|---|---|---|---|---|---|---|---|
| School of Civil and Environmental Engineering (SCEE) | School of Civil and Environmental Engineering (SCEE) | 624.1821 DUB | NIT-5066 | 01/05/2017 | 01/05/2017 | Book | |||||||
| School of Civil and Environmental Engineering (SCEE) | School of Civil and Environmental Engineering (SCEE) | 01/05/2017 | NIT-5426 | 01/05/2017 | 01/05/2017 | Book |
